LEADER 01132nam0-2200373---450- 001 990009666820403321 005 20130128100623.0 010 $a978-88-04-58352-3 035 $a000966682 035 $aFED01000966682 035 $a(Aleph)000966682FED01 035 $a000966682 100 $a20130116g20099999km-y0itay50------ba 101 2 $aita$cgrc 102 $aIT 105 $ay-------001cy 200 1 $a<>rivelazione segreta di Ermete Trismegisto$fa cura di Paolo Scarpi 210 $a[Milano]$cFondazione Lorenzo Valla$cArnoldo Mondadori$d2009- 215 $av.$d21 cm 225 1 $aScrittori greci e latini 307 $aRileg. con copertina rigida plastif. 610 0 $aErmetismo 610 0 $aErmete Trismegisto 676 $a135.45 676 $a880 700 0$aHermes Trismegistus$f<2.?-4. sec.>$0187565 702 1$aScarpi,$bPaolo 801 0$aIT$bUNINA$gRICA$2UNIMARC 901 $aBK 912 $a990009666820403321 952 $aP2B-600-VAL-HERMES TR.-200A(1)-2009$bDip.Fil.mod. 18948$fFLFBC 959 $aFLFBC 996 $aRivelazione segreta di Ermete Trismegisto$9838928 997 $aUNINA LEADER 03192nam 22005655 450 001 9910350275103321 005 20200702030118.0 010 $a981-13-6887-2 024 7 $a10.1007/978-981-13-6887-5 035 $a(CKB)4100000008525891 035 $a(DE-He213)978-981-13-6887-5 035 $a(MiAaPQ)EBC5759487 035 $a(PPN)235666483 035 $a(EXLCZ)994100000008525891 100 $a20190423d2019 u| 0 101 0 $aeng 135 $aurnn|008mamaa 181 $ctxt$2rdacontent 182 $cc$2rdamedia 183 $acr$2rdacarrier 200 10$aSolar Desalination Technology /$fedited by Anil Kumar, Om Prakash 205 $a1st ed. 2019. 210 1$aSingapore :$cSpringer Singapore :$cImprint: Springer,$d2019. 215 $a1 online resource (XVII, 357 p. 225 illus., 147 illus. in color.) 225 1 $aGreen Energy and Technology,$x1865-3529 311 $a981-13-6886-4 327 $aChapter 1: Concept of Solar Desalination -- Chapter 2: Design of various Solar Desalination Systems -- Chapter 3: Thermodynamics of the various types of Solar Desalination Systems -- Chapter 4: Performance Analysis of Passive Solar Desalination Systems -- Chapter 6: Performance Analysis of Active Solar Desalination Systems -- Chapter 7: Numerical modelling of Solar Desalination Systems -- Chapter 8: Energy Analysis of the Solar Desalination Systems -- Chapter 9: Exergy Analysis of the Solar Desalination Systems -- Chapter 10: Application of PCM in Solar Desalination Systems -- Chapter 11: Economic Analysis of the Solar Desalination Systems -- Chapter 12: Environmental Analysis of the Solar Desalination Systems. 330 $aThis book presents the latest developments and advances in solar desalination technology, including the concept, design, testing, modeling, economics and innovation. The chapters in this volume are contributed by leading international researchers and are based on original research material. The contents of this volume will be of interest to researchers, professionals, and policymakers alike. 410 0$aGreen Energy and Technology,$x1865-3529 606 $aRenewable energy resources 606 $aWater quality 606 $aWater$xPollution 606 $aSustainable development 606 $aRenewable and Green Energy$3https://scigraph.springernature.com/ontologies/product-market-codes/111000 606 $aWater Quality/Water Pollution$3https://scigraph.springernature.com/ontologies/product-market-codes/212000 606 $aSustainable Development$3https://scigraph.springernature.com/ontologies/product-market-codes/U34000 615 0$aRenewable energy resources. 615 0$aWater quality. 615 0$aWater$xPollution. 615 0$aSustainable development. 615 14$aRenewable and Green Energy. 615 24$aWater Quality/Water Pollution. 615 24$aSustainable Development. 676 $a621.042 702 $aKumar$b Anil$4edt$4http://id.loc.gov/vocabulary/relators/edt 702 $aPrakash$b Om$4edt$4http://id.loc.gov/vocabulary/relators/edt 906 $aBOOK 912 $a9910350275103321 996 $aSolar Desalination Technology$92177635 997 $aUNINA